[Event "CHI-ch sf"]
[Site "Vina del Mar"]
[Date "2022.02.11"]
[Round "4"]
[White "Toledo Sandoval, Claudio"]
[Black "Vergara Arenas, Amapola Angely"]
[Result "1-0"]
[WhiteElo "1693"]
[BlackElo "1098"]
[PlyCount "43"]
[EventDate "2022.02.08"]
[EventType "swiss"]
[EventRounds "8"]
[EventCountry "CHI"]
[SourceTitle "CBM 207 Extra"]
[Source "ChessBase"]
[SourceDate "2022.05.31"]
[SourceVersion "1"]
[SourceVersionDate "2022.05.31"]
[SourceQuality "1"]

1. d4 Nf6 2. c4 e6 3. Nc3 Be7 4. Nf3 0-0 5. Bf4 d5 6. c5 Nc6 7. a3 a5 8. Nb5 Qd7 9. Nxc7 Ra7 10. Nb5 Ra8 11. e3 Ne4 12. Bd3 g5 13. Ne5 Nxe5 14. Bxe5 f6 15. Bg3 Nxg3 16. hxg3 f5 17. Qh5 Rf7 18. g4 Kf8 19. gxf5 exf5 20. g4 f4 21. Nc3 Ke8 22. Bb5 1-0

[Event "CHI-ch sf"]
[Site "Vina del Mar"]
[Date "2022.02.09"]
[Round "2"]
[White "Toledo Sandoval, Claudio"]
[Black "Araya Vergara, Matias"]
[Result "1-0"]
[WhiteElo "1693"]
[BlackElo "1374"]
[PlyCount "107"]
[EventDate "2022.02.08"]
[EventType "swiss"]
[EventRounds "8"]
[EventCountry "CHI"]
[SourceTitle "CBM 207 Extra"]
[Source "ChessBase"]
[SourceDate "2022.05.31"]
[SourceVersion "1"]
[SourceVersionDate "2022.05.31"]
[SourceQuality "1"]

1. d4 Nf6 2. c4 e6 3. Nc3 Be7 4. Bf4 0-0 5. e3 a6 6. h3 d5 7. c5 Nc6 8. a3 Ne4 9. Nxe4 dxe4 10. b4 Bg5 11. Bh2 Ne7 12. Bc4 Nf5 13. Ne2 Bxe3 14. fxe3 Nxe3 15. Qb3 Nxg2+ 16. Kd1 Nh4 17. Qg3 Nf3 18. Qxc7 Nxd4 19. Bd6 Nxe2 20. Kxe2 Qxc7 21. Bxc7 f5 22. Raf1 Rf7 23. Bd6 Bd7 24. Ke3 Re8 25. Rf2 h6 26. h4 Rf6 27. Rg1 Kh7 28. Rfg2 Rg8 29. Be5 Rf7 30. h5 f4+ 31. Bxf4 Rf5 32. Rd2 Bc8 33. Kxe4 Rxh5 34. Kd4 Rd8+ 35. Ke3 Rh3+ 36. Rg3 Rxg3+ 37. Bxg3 Rxd2 38. Kxd2 Kg6 39. Ke3 Kf6 40. Ke4 g5 41. Be5+ Kg6 42. Be2 Bd7 43. Bf3 Bc6+ 44. Ke3 Bxf3 45. Kxf3 Kf5 46. Bc7 h5 47. a4 e5 48. b5 Ke6 49. Ke4 axb5 50. axb5 g4 51. Bxe5 h4 52. c6 b6 53. Bf4 g3 54. Kf3 1-0

[Event "CHI-ch sf"]
[Site "Quilpue"]
[Date "2022.02.04"]
[Round "1"]
[White "Toledo Sandoval, Claudio"]
[Black "Gonzalez Culi, Diego"]
[Result "0-1"]
[WhiteElo "1682"]
[BlackElo "2148"]
[PlyCount "56"]
[EventDate "2022.02.04"]
[EventType "swiss"]
[EventRounds "8"]
[EventCountry "CHI"]
[SourceTitle "CBM 206 Extra"]
[Source "ChessBase"]
[SourceDate "2022.03.31"]
[SourceVersion "1"]
[SourceVersionDate "2022.03.31"]
[SourceQuality "1"]

1. d4 Nf6 2. c4 g6 3. Nc3 Bg7 4. Nf3 0-0 5. e3 d6 6. b3 c5 7. Bb2 Qa5 8. Qd2 cxd4 9. Nxd4 a6 10. Be2 Nc6 11. 0-0 Bd7 12. Bf3 Rac8 13. Rfd1 Nxd4 14. exd4 b5 15. cxb5 axb5 16. Rdc1 Bf5 17. Qe2 Bh6 18. Qxb5 Qxb5 19. Nxb5 Bxc1 20. Bxc1 Bd3 21. a4 Rc2 22. Bb7 Rb8 23. Ba6 Rb6 24. Na3 Rxa6 25. Nxc2 Bxc2 26. Ra3 Nd5 27. Bd2 Rb6 28. a5 Rxb3 0-1

[Event "Vina del Mar op 11th"]
[Site "Vina del Mar"]
[Date "2019.??.??"]
[Round "4"]
[White "Toledo Sandoval, Claudio"]
[Black "Neira Zamudio, Rafael Thomas"]
[Result "0-1"]
[WhiteElo "1756"]
[BlackElo "1330"]
[PlyCount "146"]
[EventDate "2019.05.19"]
[EventType "swiss"]
[EventRounds "6"]
[EventCountry "CHI"]
[SourceTitle "CBM 190 Extra"]
[Source "ChessBase"]
[SourceDate "2019.07.15"]
[SourceVersion "1"]
[SourceVersionDate "2019.07.15"]
[SourceQuality "1"]

1. d4 c5 2. Nf3 Nf6 3. g3 e6 4. Bg5 Nc6 5. Bg2 cxd4 6. Nxd4 Qa5+ 7. Bd2 Qb6 8. Nxc6 bxc6 9. Qc1 Bc5 10. 0-0 Ba6 11. Bf3 Rb8 12. b3 0-0 13. Nc3 Qc7 14. Na4 Bd6 15. Rd1 Bb5 16. Nc3 Be5 17. Rb1 d5 18. e3 Bd6 19. Re1 e5 20. Qb2 e4 21. Bg2 Be5 22. Qa3 Bd6 23. Qc1 Be5 24. a4 Ba6 25. Na2 c5 26. Bf1 Bxf1 27. Kxf1 Qd7 28. Kg2 Qg4 29. Qd1 Qf5 30. Bc3 Ng4 31. Re2 Qf3+ 32. Kg1 d4 33. exd4 cxd4 34. Ba1 e3 35. fxe3 dxe3 36. Bxe5 Nxe5 37. Qf1 Qe4 38. Qf4 Qxf4 39. gxf4 Nf3+ 40. Kg2 Nd4 41. Rxe3 Nxc2 42. Re7 Ra8 43. Rd1 Rfe8 44. Rdd7 Rxe7 45. Rxe7 Kf8 46. Rc7 Nd4 47. Rb7 Ne6 48. Kg3 Nc5 49. Rb5 Ne4+ 50. Kf3 Nd6 51. Rc5 Rb8 52. b4 Rb7 53. b5 Ke7 54. Nc3 Kd7 55. Ne4 Nxe4 56. Kxe4 Rc7 57. Kd5 Rxc5+ 58. Kxc5 Kc7 59. a5 h6 60. Kd5 Kd7 61. Ke5 h5 62. Kf5 Kd6 63. Kg5 Kc5 64. b6 axb6 65. axb6 Kxb6 66. f5 Kc6 67. Kxh5 Kd6 68. Kg5 Ke5 69. h4 Kd6 70. f6 g6 71. Kh6 Ke5 72. h5 Kxf6 73. hxg6 fxg6 0-1

[Event "Vina del Mar op 11th"]
[Site "Vina del Mar"]
[Date "2019.??.??"]
[Round "2"]
[White "Toledo Sandoval, Claudio"]
[Black "Olivares Olivares, Claudio"]
[Result "0-1"]
[WhiteElo "1756"]
[BlackElo "2389"]
[PlyCount "90"]
[EventDate "2019.05.19"]
[EventType "swiss"]
[EventRounds "6"]
[EventCountry "CHI"]
[SourceTitle "CBM 190 Extra"]
[Source "ChessBase"]
[SourceDate "2019.07.15"]
[SourceVersion "1"]
[SourceVersionDate "2019.07.15"]
[SourceQuality "1"]

1. d4 Nf6 2. c4 c5 3. Nf3 cxd4 4. Nxd4 e5 5. Nf3 e4 6. Nd4 Nc6 7. e3 Bc5 8. Be2 0-0 9. 0-0 d5 10. Nxc6 bxc6 11. Qc2 Qe7 12. b3 d4 13. exd4 Bxd4 14. Bb2 c5 15. Nc3 Qe5 16. Rad1 Bf5 17. h3 e3 18. Bd3 exf2+ 19. Rxf2 Bxd3 20. Qxd3 Rad8 21. Qf3 Qe3 22. Kf1 Qxf2+ 23. Qxf2 Bxf2 24. Kxf2 Ne4+ 25. Kf1 Nxc3 26. Rxd8 Rxd8 27. Bxc3 Rd1+ 28. Ke2 Rg1 29. Kf3 f6 30. Bd2 Ra1 31. Be3 Rxa2 32. Bxc5 Kf7 33. b4 g6 34. Bf2 Rb2 35. Be1 Ke6 36. c5 f5 37. Kg3 g5 38. Kh2 f4 39. Kg1 h5 40. Kf1 g4 41. hxg4 hxg4 42. Kg1 Kd5 43. Kf1 Ke4 44. Kg1 g3 45. Kf1 Kd3 0-1

[Event "Santiago IRT 2 Escalerilla"]
[Site "Santiago de Chile"]
[Date "2018.07.09"]
[Round "2.5"]
[White "Toledo Sandoval, Claudio"]
[Black "Tobar Galvez, Edson"]
[Result "0-1"]
[WhiteElo "1777"]
[BlackElo "1874"]
[PlyCount "84"]
[EventDate "2018.07.05"]
[EventType "swiss"]
[EventRounds "6"]
[EventCountry "CHI"]
[SourceTitle "EXT 2024"]
[Source "ChessBase"]
[SourceDate "2023.10.10"]
[SourceVersion "1"]
[SourceVersionDate "2023.10.10"]
[SourceQuality "1"]

1. d4 Nf6 2. c4 g6 3. Nc3 c5 4. e3 Bg7 5. Nf3 0-0 6. Be2 cxd4 7. Nxd4 Nc6 8. 0-0 d6 9. Bf3 Bd7 10. Nxc6 Bxc6 11. Bxc6 bxc6 12. Qa4 Qc7 13. Bd2 Rab8 14. Rab1 Rb7 15. Qc2 Rc8 16. b3 d5 17. Qd3 Ng4 18. f4 dxc4 19. Qxc4 Rd8 20. Qe2 h5 21. Rbc1 Qa5 22. h3 Rbd7 23. Be1 Nxe3 24. Rf3 Nf5 25. Ne4 Qb6+ 26. Bf2 Nd4 27. Bxd4 Rxd4 28. Kh1 Qb4 29. Re3 Qb8 30. Rf1 Qb4 31. f5 Bh6 32. fxg6 fxg6 33. Rg3 Rxe4 34. Rxg6+ Bg7 35. Qf3 Qd4 36. Qxh5 Rf8 37. Rd1 Qe5 38. Qxe5 Rxe5 39. Rxc6 Rf2 40. Ra6 Ree2 41. Rg6 Kf7 42. Rg4 Rxa2 0-1

[Event "Santiago IRT 2 Escalerilla"]
[Site "Santiago de Chile"]
[Date "2018.07.05"]
[Round "1.13"]
[White "Macias Araya, Javier"]
[Black "Toledo Sandoval, Claudio"]
[Result "0-1"]
[WhiteElo "1343"]
[BlackElo "1777"]
[PlyCount "128"]
[EventDate "2018.07.05"]
[EventType "swiss"]
[EventRounds "6"]
[EventCountry "CHI"]
[SourceTitle "EXT 2024"]
[Source "ChessBase"]
[SourceDate "2023.10.10"]
[SourceVersion "1"]
[SourceVersionDate "2023.10.10"]
[SourceQuality "1"]

1. e4 d5 2. exd5 Qxd5 3. Nc3 Qd6 4. d4 Nf6 5. Nf3 a6 6. Bc4 e6 7. Be3 Be7 8. h3 0-0 9. 0-0 b5 10. Bd3 Bb7 11. Qd2 Nbd7 12. Bf4 Qb6 13. Rfe1 c5 14. Be3 Rfd8 15. Qe2 c4 16. d5 cxd3 17. Bxb6 dxe2 18. Bxd8 Rxd8 19. dxe6 fxe6 20. Rxe2 Nd5 21. Rxe6 Bf6 22. Nxd5 Bxd5 23. Rxa6 Nc5 24. Rxf6 gxf6 25. Rd1 Rd7 26. b3 Bxf3 27. Rxd7 Nxd7 28. gxf3 b4 29. Kf1 Kf7 30. Ke2 Nb6 31. Kd3 Nd5 32. Kc4 Ke6 33. h4 h5 34. Kb5 Kd6 35. Kc4 f5 36. f4 Ke6 37. Kc5 Nc3 38. Kxb4 Nxa2+ 39. Kc5 Nc3 40. Kc6 Nd5 41. c4 Nb4+ 42. Kc5 Nd3+ 43. Kb5 Kd7 44. c5 Kc7 45. b4 Nxf4 46. Kc4 Ng6 47. b5 Nxh4 48. Kd4 Ng6 49. Ke3 h4 50. Kf3 Ne5+ 51. Kg2 Nd3 52. Kh3 Nxc5 53. Kxh4 Kd6 54. Kg5 Ke5 55. f4+ Ke4 56. b6 Nb7 57. Kh4 Kxf4 58. Kh3 Kf3 59. Kh2 Kf2 60. Kh1 f4 61. Kh2 f3 62. Kh1 Ke1 63. Kg1 f2+ 64. Kh2 f1Q 0-1

[Event "CHI-chT"]
[Site "Santiago de Chile"]
[Date "2012.12.18"]
[Round "8"]
[White "Toledo Sandoval, Claudio"]
[Black "Ponce Migone, Angel"]
[Result "0-1"]
[WhiteElo "1885"]
[BlackElo "1779"]
[PlyCount "58"]
[EventDate "2012.11.22"]
[EventType "team-tourn"]
[EventRounds "9"]
[EventCountry "CHI"]
[SourceTitle "EXT 2014"]
[Source "ChessBase"]
[SourceDate "2013.11.20"]
[SourceVersion "1"]
[SourceVersionDate "2013.11.20"]
[SourceQuality "1"]

1. d4 d5 2. c4 e6 3. Nc3 Nf6 4. Bf4 c6 5. c5 Nbd7 6. h3 b6 7. b4 a5 8. a3 axb4 9. axb4 Rxa1 10. Qxa1 Bb7 11. Nf3 Be7 12. e3 0-0 13. Bd3 Qa8 14. Qb2 Ba6 15. Kd2 Bxd3 16. Kxd3 bxc5 17. bxc5 Qa6+ 18. Kc2 Ra8 19. Nd2 Ne4 20. Ndxe4 dxe4 21. Rd1 e5 22. Nxe4 exf4 23. exf4 Qc4+ 24. Qc3 Ra2+ 25. Kc1 Qxc3+ 26. Nxc3 Rxf2 27. g3 Rh2 28. h4 Rg2 29. Ne2 Rxe2 0-1

[Event "CHI-chT"]
[Site "Santiago de Chile"]
[Date "2012.12.06"]
[Round "5"]
[White "Farias Garrido, Luis"]
[Black "Toledo Sandoval, Claudio"]
[Result "0-1"]
[WhiteElo "2215"]
[BlackElo "1885"]
[PlyCount "114"]
[EventDate "2012.11.22"]
[EventType "team-tourn"]
[EventRounds "9"]
[EventCountry "CHI"]
[SourceTitle "EXT 2014"]
[Source "ChessBase"]
[SourceDate "2013.11.20"]
[SourceVersion "1"]
[SourceVersionDate "2013.11.20"]
[SourceQuality "1"]

1. e4 d5 2. exd5 Qxd5 3. Nc3 Qa5 4. d4 Bf5 5. Nf3 Nf6 6. Bd2 Nbd7 7. a3 c6 8. Bc4 e6 9. Nd5 Qd8 10. Nxf6+ Nxf6 11. 0-0 Be7 12. h3 0-0 13. c3 c5 14. Re1 Qc7 15. Qe2 Rfe8 16. Be3 a6 17. Nh4 Bg6 18. Nxg6 hxg6 19. Rad1 b5 20. Bb3 c4 21. Bc2 Nd5 22. Qf3 a5 23. Be4 Red8 24. Re2 b4 25. Bxd5 Rxd5 26. Bf4 Qb6 27. axb4 axb4 28. Qg3 Ra2 29. Rde1 Qa5 30. h4 Bf6 31. Bd6 bxc3 32. bxc3 Bxh4 33. Rxa2 Qxa2 34. Qxh4 Rxd6 35. Qf4 Rd5 36. Qb8+ Kh7 37. Qb4 Qd2 38. Re3 Qd1+ 39. Kh2 Rh5+ 40. Rh3 Qd3 41. Rxh5+ gxh5 42. Qa5 g6 43. Qa3 Qe2 44. Kg1 Qe1+ 45. Kh2 Qxf2 46. Qc1 Qf5 47. Kg1 g5 48. Qd2 h4 49. Qe2 Qd5 50. Kf2 Kg6 51. Ke3 e5 52. Qc2+ Kh6 53. Qe4 exd4+ 54. Qxd4 Qxd4+ 55. cxd4 Kg6 56. d5 Kf6 57. Kd4 g4 0-1

[Event "CHI-chT"]
[Site "Santiago de Chile"]
[Date "2012.11.27"]
[Round "2"]
[White "Castillo Grado, Augusto"]
[Black "Toledo Sandoval, Claudio"]
[Result "1/2-1/2"]
[WhiteElo "1858"]
[BlackElo "1885"]
[PlyCount "116"]
[EventDate "2012.11.22"]
[EventType "team-tourn"]
[EventRounds "9"]
[EventCountry "CHI"]
[SourceTitle "EXT 2014"]
[Source "ChessBase"]
[SourceDate "2013.11.20"]
[SourceVersion "1"]
[SourceVersionDate "2013.11.20"]
[SourceQuality "1"]

1. e4 d5 2. exd5 Qxd5 3. Nc3 Qa5 4. d4 Bf5 5. Bb5+ c6 6. Bd3 Nf6 7. Nf3 Bxd3 8. Qxd3 Nd5 9. 0-0 Nd7 10. Ne4 g6 11. Re1 Qc7 12. a3 Bg7 13. c4 N5f6 14. Bd2 0-0 15. Rad1 Rfe8 16. g3 Nxe4 17. Qxe4 Rad8 18. Bf4 Qa5 19. Qe3 Nf6 20. h3 Nh5 21. b4 Qa6 22. Rc1 Nxf4 23. gxf4 Qb6 24. Rcd1 e6 25. Ne5 Qc7 26. c5 f6 27. Nc4 Bh6 28. Nd6 Rxd6 29. cxd6 Qxd6 30. Qf3 Bxf4 31. Re4 g5 32. Qb3 Kg7 33. d5 cxd5 34. Rxd5 Qc6 35. Rdd4 b5 36. Qd1 Re7 37. Re2 Rc7 38. Qd3 f5 39. Re1 a6 40. Rd1 Kf6 41. Rd7 Rxd7 42. Qxd7 Qxd7 43. Rxd7 Bc1 44. Rd3 h5 45. Kg2 g4 46. f3 gxh3+ 47. Kxh3 Ke5 48. Kg3 h4+ 49. Kxh4 Kf4 50. Kh3 e5 51. Rc3 Bd2 52. Rc2 Ke3 53. Kg2 Ke2 54. Rc5 e4 55. Rxf5 e3 56. Re5 Bc1 57. Re6 Bxa3 58. Rxa6 Bxb4 1/2-1/2

[Event "CHI-chT"]
[Site "Santiago de Chile"]
[Date "2008.11.12"]
[Round "3"]
[White "Sepulveda Herrera, Job Rodrigo"]
[Black "Toledo Sandoval, Claudio"]
[Result "1-0"]
[WhiteElo "2337"]
[BlackElo "1856"]
[PlyCount "29"]
[EventDate "2008.11.04"]
[EventType "team-tourn"]
[EventRounds "9"]
[EventCountry "CHI"]
[SourceTitle "EXT 2012"]
[Source "ChessBase"]
[SourceDate "2011.11.24"]
[SourceVersion "1"]
[SourceVersionDate "2011.11.24"]
[SourceQuality "1"]

1. e4 c6 2. Nc3 d5 3. Qf3 dxe4 4. Nxe4 Nf6 5. Nxf6+ gxf6 6. Bc4 h5 7. Ne2 Be6 8. Bxe6 fxe6 9. Qb3 Qd7 10. d4 Bh6 11. Bxh6 Rxh6 12. 0-0-0 Na6 13. Nf4 0-0-0 14. Nxe6 Rg8 15. Nc5 1-0